000 00642nam a2200193 4500
999 _c80705
_d80705
008 210119b ||||| |||| 00| 0 eng d
040 _bger
_cSTAFF
_erda
_aISIL EINTRAGEN
100 _aFouquet-Plümacher:
245 _aFranz Freiherr Gaudy 1827 auf der Festung Silberberg (Schlesien) /
_cDoris Fouquet-Plümacher
300 _a31 S.
490 _aFrankfurter Buntbücher;
_v65
600 _aGaudy, Franz von
_d(1800-1840)
650 _aFestung Silberberg
773 _dFrankfurt (Oder): Kleist-Museum, 2020
_tFrankfurter Buntbücher
_gBd. 65, S. 4-31
942 _cA